| 000 | 00588nam a22002057a 4500 | ||
|---|---|---|---|
| 003 | DO-SdBNP | ||
| 005 | 20171127103941.0 | ||
| 008 | 171127b 1970 xxu| |||| 00| 0 spa d | ||
| 020 | _a0805600183 | ||
| 040 |
_aBPMSU _bspa _cBPMSU |
||
| 082 |
_axxxxx _bxxxxx |
||
| 100 | 1 | _aPaz Sordía, Antonio | |
| 245 | 1 |
_aGeometría / _cAntonio Paz Sordía |
|
| 260 |
_aEstados Unidos : _bMinerva Books, _c1970. |
||
| 300 |
_a198 p. ; _c22 cm. |
||
| 500 | _aLa biblioteca posee la 3ra parte. | ||
| 942 |
_2ddc _cBK |
||
| 945 | _aInventariado extranjero / 2017 BT | ||
| 956 |
_aBTAVAREZ _b10 _c20171127 _d0038 |
||
| 999 |
_c13113 _d13113 |
||